|
|
|
|
| LEADER |
00000cam a2200000 7i4500 |
| 001 |
0000027306 |
| 005 |
20090825.0 |
| 008 |
090825 |
| 020 |
|
|
|a 0195152751
|
| 090 |
0 |
0 |
|a 530.0285
|b LEV
|
| 100 |
1 |
|
|a De Levie, Robert
|
| 245 |
1 |
0 |
|a Advanced Excel for scientific data analysis
|c Robert De Levie
|
| 260 |
|
|
|a New York :
|b Oxford University Press ,
|c 2004
|
| 300 |
|
|
|a 615p. ;
|c 24cm.
|
| 500 |
|
|
|a Includes index
|
| 650 |
|
0 |
|a Chemistry Analytic
|x Data processing
|
| 650 |
|
0 |
|a Electronic spreadsheets
|
| 650 |
|
0 |
|a Microsoft Excel (Computer file)
|
| 999 |
|
|
|a 0001060274
|b Book
|c Adult Collection
|e Perbadanan Perpustakaan Awam Johor
|